SPORTLIGHT BIOLOGY:LERNER'S BOOK, GRADE 10 (Record no. 216753)

MARC details
000 -LEADER
fixed length control field 00500nam a22001697a 4500
008 - FIXED-LENGTH DATA ELEMENTS--GENERAL INFORMATION
fixed length control field 260303b |||||||| |||| 00| 0 eng d
020 ## - INTERNATIONAL STANDARD BOOK NUMBER
International Standard Book Number 978-9966-57-564-7
100 ## - MAIN ENTRY--PERSONAL NAME
Personal name NDIHO, PRISCILLA
245 ## - TITLE STATEMENT
Title SPORTLIGHT BIOLOGY:LERNER'S BOOK, GRADE 10
260 ## - PUBLICATION, DISTRIBUTION, ETC.
Place of publication, distribution, etc. NAIROBI
Name of publisher, distributor, etc. SPORTLIGTH PUBLISHING
Date of publication, distribution, etc. 2025
300 ## - PHYSICAL DESCRIPTION
Extent III,212P.
500 ## - GENERAL NOTE
General note INCLUDES BIBLIOGRAPHICAL REFERENCES
650 ## - SUBJECT ADDED ENTRY
Topical term or geographic name entry element BIOLOGY-TEXTBOOK
700 ## - ADDED ENTRY--PERSONAL NAME
Personal name JOSEPH MUTHENDE, DAMARIS KELI
942 ## - ADDED ENTRY ELEMENTS (KOHA)
Source of classification or shelving scheme Library of Congress Classification
Koha item type Long Loan Book
Holdings
Withdrawn status Lost status Source of classification or shelving scheme Damaged status Not for loan Collection Home library Current library Shelving location Date acquired Inventory number Total checkouts Full call number Barcode Date last seen Copy number Price effective from Koha item type Date last checked out
    Library of Congress Classification     Science & Technology Kisii University Library Kisii University Library On Display 03/03/2026 112322   QH 308.2 .S66 2025 V.10 A000315 03/03/2026 C.1 03/03/2026 Long Loan Book  
    Library of Congress Classification     Science & Technology Kisii University Library Kisii University Library On Display 03/03/2026 112323 1 QH 308.2 .S66 2025 V.10 A000318 04/24/2026 C.2 03/03/2026 Long Loan Book 04/10/2026
    Library of Congress Classification     Science & Technology Kisii University Library Kisii University Library On Display 03/03/2026 112324   QH 308.2 .S66 2025 V.10 A000317 03/03/2026 C.3 03/03/2026 Long Loan Book  
    Library of Congress Classification     Science & Technology Kisii University Library Kisii University Library On Display 03/03/2026 112325   QH 308.2 .S66 2025 V.10 A000320 03/03/2026 C.4 03/03/2026 Long Loan Book  
    Library of Congress Classification     Science & Technology Kisii University Library Kisii University Library On Display 03/03/2026 112326   QH 308.2 .S66 2025 V.10 A000319 03/03/2026 C.5 03/03/2026 Long Loan Book 03/03/2026